[Event "Klatovy op-B 24th"]
[Site "Klatovy"]
[Date "2018.07.01"]
[Round "2"]
[White "Merinsky, Vaclav"]
[Black "Vachal, Josef1111"]
[Result "1/2-1/2"]
[WhiteElo "1565"]
[BlackElo "1829"]
[PlyCount "116"]
[EventDate "2018.06.30"]
[EventType "swiss"]
[EventRounds "9"]
[EventCountry "CZE"]
[SourceTitle "CBM 185 Extra"]
[Source "ChessBase"]
[SourceDate "2018.07.29"]
[SourceVersion "1"]
[SourceVersionDate "2018.07.29"]
[SourceQuality "1"]

1. e4 d6 2. d4 Nf6 3. Nc3 g6 4. f3 Bg7 5. Be3 0-0 6. Bc4 Nc6 7. Nge2 e5 8. d5 Ne7 9. Qd2 Bd7 10. g4 a6 11. a4 Rb8 12. a5 h5 13. gxh5 Nxh5 14. Ng3 Nxg3 15. hxg3 f6 16. Bh6 Rf7 17. Bxg7 Rxg7 18. Qh6 Kf7 19. f4 Ng8 20. Qh8 Qe7 21. 0-0-0 Bg4 22. Rh7 Rxh7 23. Qxh7+ Kf8 24. Rh1 Bh5 25. Qxe7+ Nxe7 26. Rh4 Bf3 27. Kd2 g5 28. Rh8+ Ng8 29. Ke3 g4 30. f5 Kg7 31. Rh2 Nh6 32. Nb1 Nf7 33. Nd2 Ng5 34. Bd3 Rh8 35. Rxh8 Kxh8 36. b4 Bd1 37. c4 Kg7 38. c5 dxc5 39. bxc5 Ba4 40. c6 bxc6 41. Bxa6 cxd5 42. Bb7 d4+ 43. Kf2 Bb5 44. a6 Bxa6 45. Bxa6 Kh6 46. Bb7 Nf7 47. Nc4 Kg7 48. Ke2 Kf8 49. Kd2 Ke7 50. Bd5 Ng5 51. Kd3 Nh3 52. Nd2 Kd6 53. Ke2 Ng5 54. Kd3 Kc5 55. Nc4 Kb4 56. Nxe5 fxe5 57. f6 c5 58. f7 Nh7 1/2-1/2

[Event "Klatovy op-B 23rd"]
[Site "Klatovy"]
[Date "2017.07.02"]
[Round "2"]
[White "Sova, Zdenek"]
[Black "Merinsky, Vaclav"]
[Result "0-1"]
[WhiteElo "1672"]
[BlackElo "1439"]
[PlyCount "90"]
[EventDate "2017.07.01"]
[EventType "swiss"]
[EventRounds "9"]
[EventCountry "CZE"]
[SourceTitle "EXT 2018"]
[Source "ChessBase"]
[SourceDate "2017.10.13"]
[SourceVersion "1"]
[SourceVersionDate "2017.10.13"]
[SourceQuality "1"]

1. Nf3 Nf6 2. d4 d5 3. c4 e6 4. Nc3 Be7 5. e3 0-0 6. Qc2 Re8 7. Bd3 Nbd7 8. cxd5 exd5 9. 0-0 Nf8 10. h3 Ng6 11. b3 c6 12. Ne5 Bd6 13. Nxg6 hxg6 14. Bb2 Be6 15. Rfe1 Qd7 16. f4 Kh7 17. g4 Qc8 18. f5 gxf5 19. Bxf5+ Bxf5 20. Qxf5+ Qxf5 21. gxf5 Re7 22. Re2 Rae8 23. Bc1 Nh5 24. Rf2 Bg3 25. Rf3 Bd6 26. Bd2 Bb4 27. Re1 Nf6 28. Nb1 Bxd2 29. Nxd2 Kh6 30. Re2 c5 31. dxc5 d4 32. Kf2 Nd5 33. Nc4 Nc3 34. Nd6 dxe3+ 35. Ke1 Nxe2 36. Nxe8 Nd4 37. Rf4 Nc2+ 38. Ke2 Rxe8 39. Rc4 Na3 40. Rb4 Re7 41. h4 Nb1 42. c6 bxc6 43. Rb8 Kh7 44. Rc8 Nc3+ 45. Ke1 Rd7 0-1